Online katalóg knižníc regiónu Turca

10x sci-fi (Record no. 21791)

MARC details
000 -LEADER
fixed length control field 03646cam a2200889 a 4500
001 - CONTROL NUMBER
control field 21791
003 - CONTROL NUMBER IDENTIFIER
control field VRT
005 - DATE AND TIME OF LATEST TRANSACTION
control field 20260309150253.0
008 - FIXED-LENGTH DATA ELEMENTS--GENERAL INFORMATION
fixed length control field 230501s1984 xo a gr 0000jdslo
015 ## - NATIONAL BIBLIOGRAPHY NUMBER
National bibliography number SNBA1985/04
020 ## - INTERNATIONAL STANDARD BOOK NUMBER
Qualifying information (viazané)
035 ## - SYSTEM CONTROL NUMBER
System control number SNK000036848
035 ## - SYSTEM CONTROL NUMBER
System control number 89357E42-09BB-42EB-B21E-CCF7A2489349
035 ## - SYSTEM CONTROL NUMBER
System control number urn:nbn:sk:snk-am00ikcn
039 #9 - LEVEL OF BIBLIOGRAPHIC CONTROL AND CODING DETAIL [OBSOLETE]
Level of rules in bibliographic description 202512272108
Level of effort used to assign nonsubject heading access points AUTHORITY
Level of effort used to assign subject headings 202305011812
Level of effort used to assign classification VLOAD
Level of effort used to assign subject headings 202304281412
Level of effort used to assign classification VLOAD
Level of effort used to assign subject headings 202304281048
Level of effort used to assign classification VLOAD
040 ## - CATALOGING SOURCE
Original cataloging agency SNK
Language of cataloging slo
Transcribing agency SNK
Description conventions AACR2
041 1# - LANGUAGE CODE
Language code of text/sound track or separate title slo
Language code of original eng
044 ## - COUNTRY OF PUBLISHING/PRODUCING ENTITY CODE
MARC country code xo
ISO country code SK
072 #7 - SUBJECT CATEGORY CODE
Subject category code 821.111-3
Subject category code subdivision Anglická próza, anglicky písaná
Source konspekt
072 #7 - SUBJECT CATEGORY CODE
Subject category code 821.111(73)-3
Subject category code subdivision Americká próza
Source konspekt
080 ## - UNIVERSAL DECIMAL CLASSIFICATION NUMBER
Universal Decimal Classification number 820/899 (100)-3(082)
Edition identifier 1997
080 ## - UNIVERSAL DECIMAL CLASSIFICATION NUMBER
Universal Decimal Classification number 821.111-32
Edition identifier 2011
080 ## - UNIVERSAL DECIMAL CLASSIFICATION NUMBER
Universal Decimal Classification number (0:82-312.9)
Edition identifier 2011
080 ## - UNIVERSAL DECIMAL CLASSIFICATION NUMBER
Universal Decimal Classification number (082.21)
Edition identifier 2011
080 ## - UNIVERSAL DECIMAL CLASSIFICATION NUMBER
Universal Decimal Classification number 821.111(73)-32
Edition identifier 2011
245 00 - TITLE STATEMENT
Title 10x sci-fi
Statement of responsibility, etc. [z anglických originálov uverejnených v zborníku The Arbor House reasury of Modern Science Fiction vybral Hviezdoslav Herman ; preložil Otakar Kořínek ; doslov napísal Dominik Bartosiewicz ; ilustrovali Róbert Brun, Dušan Nágel, Dušan Polakovič, Veronika Rónaiová, Peter Rónai]
246 3# - VARYING FORM OF TITLE
Title proper/short title Desaťkrát sci-fi
250 ## - EDITION STATEMENT
Edition statement 1. vyd.
260 ## - PUBLICATION, DISTRIBUTION, ETC.
Place of publication, distribution, etc. Bratislava
Name of publisher, distributor, etc. Smena
Date of publication, distribution, etc. 1984
Place of manufacture Banská Bystrica
Manufacturer Tlačiarne SNP
300 ## - PHYSICAL DESCRIPTION
Extent 278 strán
Other physical details ilustrácie
Dimensions 21 cm
366 ## - TRADE AVAILABILITY INFORMATION
Note 39700 výtl.
490 1# - SERIES STATEMENT
Series statement Labyrint
500 ## - GENERAL NOTE
General note Obsahuje biogragfické údaje o autoroch diel
500 ## - GENERAL NOTE
General note Obsahuje 10 diel
655 #7 - INDEX TERM--GENRE/FORM
Genre/form data or focus term anglické príbehy
Source of term SNKPH
655 #7 - INDEX TERM--GENRE/FORM
Genre/form data or focus term vedecko-fantastické príbehy
Source of term SNKPH
655 #7 - INDEX TERM--GENRE/FORM
Genre/form data or focus term výbery
Source of term SNKPH
655 #7 - INDEX TERM--GENRE/FORM
Genre/form data or focus term americké príbehy
Source of term SNKPH
700 1# - ADDED ENTRY--PERSONAL NAME
Personal name Herman, Hviezdoslav,
Dates associated with a name 1951-
Relationship com
700 1# - ADDED ENTRY--PERSONAL NAME
Personal name Kořínek, Otakar,
Dates associated with a name 1946-2025
Relationship trl
700 1# - ADDED ENTRY--PERSONAL NAME
Personal name Bartosiewicz, Dominik
Relationship aft
700 1# - ADDED ENTRY--PERSONAL NAME
Personal name Brun, Robert,
Dates associated with a name 1948-
Relationship ill
700 1# - ADDED ENTRY--PERSONAL NAME
Personal name Nágel, Dušan,
Dates associated with a name 1949-
Relationship ill
700 1# - ADDED ENTRY--PERSONAL NAME
Personal name Polakovič, Dušan,
Dates associated with a name 1950-2016
Relationship ill
700 1# - ADDED ENTRY--PERSONAL NAME
Personal name Rónaiová, Veronika,
Dates associated with a name 1951-
Relationship ill
700 1# - ADDED ENTRY--PERSONAL NAME
Personal name Rónai, Peter,
Dates associated with a name 1953-
Relationship ill
700 12 - ADDED ENTRY--PERSONAL NAME
Personal name Asimov, Isaac,
Dates associated with a name 1920-1992
Title of a work Bicentennial mann
Language of a work Slovensky
700 12 - ADDED ENTRY--PERSONAL NAME
Personal name Blish, James,
Dates associated with a name 1921-1975
Title of a work Common time
Language of a work Slovensky
700 12 - ADDED ENTRY--PERSONAL NAME
Personal name Budrys, Algis,
Dates associated with a name 1931-2008
Title of a work Wall of crystal, eye of night
Language of a work Slovensky
700 12 - ADDED ENTRY--PERSONAL NAME
Personal name Ellison, Harlan,
Dates associated with a name 1934-2018
Title of a work Human operators
Language of a work Slovensky
700 12 - ADDED ENTRY--PERSONAL NAME
Personal name Shaw, Bob,
Dates associated with a name 1931-1996
Title of a work Light of other days
Language of a work Slovensky
700 12 - ADDED ENTRY--PERSONAL NAME
Personal name Sheckley, Robert,
Dates associated with a name 1928-2005
Title of a work Shape
Language of a work Slovensky
700 1# - ADDED ENTRY--PERSONAL NAME
Personal name Smith, Cordwainer,
Dates associated with a name 1928-
Title of a work Alpha Ralpha Boulevard
Language of a work Slovensky
700 1# - ADDED ENTRY--PERSONAL NAME
Personal name Tenn, William,
Dates associated with a name 1920-2010
Title of a work Child's play
Language of a work Slovensky
700 1# - ADDED ENTRY--PERSONAL NAME
Personal name Tiptree, James,
Titles and other words associated with a name Jr,
Dates associated with a name 1915-1987
Title of a work Women menm don see
Language of a work Slovensky
700 12 - ADDED ENTRY--PERSONAL NAME
Personal name Zelazny, Roger,
Dates associated with a name 1937-1995
Title of a work Keys to december
Language of a work Slovensky
700 12 - ADDED ENTRY--PERSONAL NAME
Personal name Van Vogt, A. E.
Fuller form of name (Alfred Elton),
Dates associated with a name 1912-2000
Title of a work Human operators
Language of a work Slovensky
740 02 - ADDED ENTRY--UNCONTROLLED RELATED/ANALYTICAL TITLE
Uncontrolled related/analytical title Dvestoročný človek
740 02 - ADDED ENTRY--UNCONTROLLED RELATED/ANALYTICAL TITLE
Uncontrolled related/analytical title Obyčajný čas
740 02 - ADDED ENTRY--UNCONTROLLED RELATED/ANALYTICAL TITLE
Uncontrolled related/analytical title Piloti z rodu ľudí
740 02 - ADDED ENTRY--UNCONTROLLED RELATED/ANALYTICAL TITLE
Uncontrolled related/analytical title Svetlo dávnych dní
740 02 - ADDED ENTRY--UNCONTROLLED RELATED/ANALYTICAL TITLE
Uncontrolled related/analytical title Tvar
740 02 - ADDED ENTRY--UNCONTROLLED RELATED/ANALYTICAL TITLE
Uncontrolled related/analytical title Bulvár Alfa Ralfa
740 02 - ADDED ENTRY--UNCONTROLLED RELATED/ANALYTICAL TITLE
Uncontrolled related/analytical title Detská hra
740 02 - ADDED ENTRY--UNCONTROLLED RELATED/ANALYTICAL TITLE
Uncontrolled related/analytical title Ženy, krtoré muži nevidia
740 02 - ADDED ENTRY--UNCONTROLLED RELATED/ANALYTICAL TITLE
Uncontrolled related/analytical title Stvoriť svet-
740 02 - ADDED ENTRY--UNCONTROLLED RELATED/ANALYTICAL TITLE
Uncontrolled related/analytical title Krištálová stena, oko noci
830 #0 - SERIES ADDED ENTRY--UNIFORM TITLE
Uniform title Labyrint
910 ## - USER-OPTION DATA (OCLC)
User-option data snk
942 ## - ADDED ENTRY ELEMENTS (KOHA)
Source of classification or shelving scheme Dewey Decimal Classification
Koha item type Krásna literatúra pre dospelých
Suppress in OPAC No
949 ## - LOCAL PROCESSING INFORMATION (OCLC)
6 270001000422814
a svkbbA 44832
b svkbbm 456159
949 ## - LOCAL PROCESSING INFORMATION (OCLC)
6 270001000422815
a svkbbA 44832-a
b svkbbm 456160
949 ## - LOCAL PROCESSING INFORMATION (OCLC)
6 270001000422813
a svkbbA 44832-b
b svkbbm 459326
949 ## - LOCAL PROCESSING INFORMATION (OCLC)
6 17A0015027
9 P60, <05>, [BOOK], {605}
a snkSC 62920 D1
949 ## - LOCAL PROCESSING INFORMATION (OCLC)
6 17A0917979
a snkSC 62920
b snkKSP 2433/85
s 6100:20220818
Holdings
Stav vyradenia Strata Poškodenie Spôsob nadobudnutia Domovská knižnica Aktuálna knižnica Dátum nadobudnutia Total checkouts Čiarový kód exemplára Date last seen Typ exemplára
      Dar Obecná knižnica Horná Štubňa Obecná knižnica Horná Štubňa 09.03.2026   4736201816 09.03.2026 Krásna literatúra pre dospelých
Projekt je podporený Slovenskou asociáciou knižníc
Prevádzkuje Turčianska knižnica Martin 2026